Statistiques concernant 5 pays ayant le plus grandes économies par continent

Cliquez ici pour prendre le quiz!

Statistiques générales

  • Ce quiz a été pris 49 728 fois
    (12 455 depuis la dernière actualisation)
  • Le résultat moyen est 22 sur 30

Statistiques - réponses

ContinentMilliardsPays% Correct
Europe3 988France
99%
Asie35 291Chine
97%
Europe5 687Allemagne
96%
Amérique du Nord28 781États-Unis
95%
Océanie1 791Australie
94%
Amérique du Nord2 472Canada
93%
Amérique du Sud4 274Brésil
92%
Asie6 721Japon
91%
Amérique du Nord3 434Mexique
91%
Europe4 029Royaume-Uni
90%
Europe4 214Russie
89%
Afrique1 026Afrique du Sud
88%
Amérique du Sud1 245Argentine
88%
Europe3 347Italie
87%
Afrique769Algérie
86%
Océanie286Nouvelle-Zélande
84%
Asie14 594Inde
83%
Afrique1 899Égypte
80%
Amérique du Sud623Chili
75%
Amérique du Sud1 042Colombie
74%
Amérique du Sud567Pérou
67%
Afrique1 444Nigeria
60%
Asie4 627Indonésie
58%
Océanie16Fidji
52%
Océanie44Papouasie-Nouvelle-Guinée
41%
Amérique du Nord213Guatemala
37%
Asie3 257Turquie
37%
Afrique432Éthiopie
32%
Océanie2Îles Salomon
30%
Amérique du Nord293République Dominicaine
25%

Distribution des résultats

Percentile par nombre de réponses

% des personnes avec chaque résultat

Votre développement - résultats

Vous n’avez pas pris ce quiz depuis la dernière actualisation